| 000 | 00767 a2200229 4500 | ||
|---|---|---|---|
| 008 | 100615t xxu||||| |||| 00| 0 eng d | ||
| 010 | _aENG-85229 | ||
| 020 |
_a8189612433 _c695.00 |
||
| 035 | _aEN-68762 | ||
| 037 | _bD.B.Act / Pub | ||
| 040 |
_adpl _bEng |
||
| 082 | _a001.42 | ||
| 100 | _aGarg, K. K. | ||
| 245 |
_aResearch methodology _cby K. K. Garg |
||
| 260 |
_aNew Delhi _bOmega Publications _c2006 |
||
| 270 |
_a4398/5C, Ansari Road, Darya Ganj _bNew Delhi _cDelhi _e110002 _k65901906 |
||
| 300 |
_a312 p. _c22 cm. (Hb) |
||
| 500 | _aIncludes bibliographical references and index | ||
| 650 | _aResearch methodology | ||
| 942 |
_adpl _cEN _k001.42 / GAR _2ddc |
||
| 999 |
_c1689 _d1689 |
||